Revista juridica : Facultad de derecho Número 2 - Año 3 - /
Guardado en:
| Formato: | Libro |
|---|---|
| Idioma: | Spanish |
| Publicado: |
Buenos Aires :
Facultad de Derecho de la UNLZ,
2006
|
| Etiquetas: |
Agregar Etiqueta
Sin Etiquetas, Sea el primero en etiquetar este registro!
|
| LEADER | 00423nam a22001215a 4500 | ||
|---|---|---|---|
| 001 | DER.der006163 | ||
| 005 | 20080516000000.0 | ||
| 008 | 180615s2006####||||||||||||||||||||spa|| | ||
| 020 | |a 1850-1729 | ||
| 245 | 1 | 0 | |a Revista juridica : |b Facultad de derecho Número 2 - Año 3 - / |c Universidad Nacional de Lomas de Zamora |
| 260 | |a Buenos Aires : |b Facultad de Derecho de la UNLZ, |c 2006 | ||
| 300 | 0 | |a 136 p. | |
| 859 | |a DERECHO |b BIB. DERECHO |p 005605 | ||
